000 00779cam a2200241 a 4500
001 000013915
005 20200929163410.0
008 930514s1991 sp 000 f spa d
020 _a8432070262
040 _aDO-SdBNP
_bspa
_cWU
_dDLC
_dBNPHU
082 _a863.6
_bR333m
100 1 _aRegás, Rosa,
_d1933-
_q(Rosa Regás Pagés)
_931540
245 1 0 _aMemoria de Almator /
_cRosa Regás.
260 _aBarcelona, España :
_bEditorial Planeta,
_c1991.
300 _a405 p. ;
_c21 cm.
490 1 _aAutores españoles e hispanoamericanos
650 4 _aNovela española
_91123
650 4 _aLiteratura española
_9632
650 4 _aFamilia
_xNovela
_931541
830 0 _aAutores españoles e hispanoamericanos ;
_95042
910 _aCatalogación por copia / LC
049 _aBNGR
999 _c13520
_d13520